Seth Rogen Filmography - Statistics

General Stats
  • This quiz has been taken 350 times
    87 since last reset
  • The average score is 18 of 183
Answer Stats
Type Year Name % Correct
Film 2007 Superbad
67%
Film 2007 Knocked Up
64%
TV Show 1999-2000 Freaks and Geeks
58%
Film 2013 This Is the End
56%
Film 2014 Neighbors
53%
Film 2016 Neighbors 2: Sorority Rising
50%
Film 2005 The 40-Year-Old Virgin
50%
Film 2008 Pineapple Express
47%
Web Series 2025 The Studio
47%
Film 2008 Kung Fu Panda
39%
Film 2016 Sausage Party
39%
Film 2009 Funny People
36%
Film 2011 Kung Fu Panda 2
36%
Film 2016 Kung Fu Panda 3
36%
Film 2011 The Green Hornet
36%
Film 2011 50/50
33%
Film 2001 Donnie Darko
33%
Film 2009 Monsters vs. Aliens
33%
Video Game 2009 Monsters vs. Aliens
33%
Film 2008 Step Brothers
33%
Film 2015 steve jobs|
33%
Film 2014 The Interview
33%
Film 2015 The Night Before
33%
Film 2004 Anchorman: The Legend of Ron Burgundy
31%
Film 2019 Long Shot
31%
TV Show 2007, 2009, 2011, 2014, 2017 Saturday Night Live
31%
Film 2019 The Lion King
31%
Film 2008 Zack and Miri Make a Porno
28%
Film 2024 Mufasa: The Lion King
25%
Film 2011 Paul
25%
Film 2017 The Disaster Artist
25%
Film 2022 The Fabelmans
25%
Film 2014 22 Jump Street
22%
Film 2020 An American Pickle
22%
Film 2008 Horton Hears a Who!
22%
TV Show 2009, 2014, 2024 The Simpsons
22%
Film 2024 Kung Fu Panda 4
19%
Web Series 2023-Present Platonic
19%
Film 2007 Shrek the Third
19%
Web Series 2019, 2020, 2022 The Boys
19%
Film 2023 The Super Mario Bros. Movie
19%
TV Show 2009 Family Guy
17%
Film 2023 Teenage Mutant Ninja Turtles: Mutant Mayhem
17%
Film 2012 The Guilt Trip
17%
Film 2008 The Spiderwick Chronicles
17%
TV Show 2001-2003 Undeclared
17%
Film 2006 You, Me and Dupree
17%
Film 2022 Chip 'n Dale: Rescue Rangers
14%
Film 2025 Good Fortune
14%
Web Series 2021-Present Invincible
14%
Director TBA Invincible
14%
Film 2009 Observe and Report
14%
Film 2019 Zeroville
14%
TV Show 2006 American Dad!
11%
TV Show 2003 Dawson's Creek
11%
Film 2011 Take This Waltz
11%
Web Series 2020 Big Mouth
8%
Web Series 2017 Friends from College
8%
TV Show 2006 Help Me Help You
8%
Short Film 2007 Jay and Seth versus the Apocalypse
8%
Short Film 2011 Kung Fu Panda: Secrets of the Masters
8%
Web Mini-Series 2022 Pam & Tommy
8%
Web Series 2022 The Boys Presents: Diabolical
8%
Film 2025 Animal Farm
6%
Short Film 2009 B.O.B.'s Big Break
6%
TV Special 2013 Comedy Roast of James Franco
6%
TV Show 2021 Curb Your Enthusiasm
6%
Film 2009 Fanboys
6%
Film 2012 For a Good Time, Call...
6%
Short Film 2016 Kung Fu Panda: Secrets of the Scroll
6%
Film 2018 Like Father
6%
Short Film 2011 Night of the Living Carrots
6%
Director 2016-2017 Preacher
6%
Web Series 2024-Present Sausage Party: Foodtopia
6%
Film 2014 The Sound and the Fury
6%
Film TBA The Wrong Girls
6%
Award Show 2012 27th Independent Spirit Awards
3%
Film 2018 Arizona
3%
TV Show 2013 Arrested Development
3%
Documentary 2015 Being Canadian
3%
TV Show 2015 Broad City
3%
TV Show 2012 Comedy Bang! Bang!
3%
Short Film 2014 Cops, Cum, Dicks, and Flying
3%
TV Show 2018, 2019 Drunk History
3%
TV Show 2012 Eastbound & Down
3%
Web Mini-Series 2020 Home Movie: The Princess Bride
3%
TV Show 2013, 2014, 2015 Kroll Show
3%
TV Short 2010 Kung Fu Panda Holiday
3%
Commercial 2022 Lay's
3%
Music Video 2009 Like a Boss
3%
Music Video 2011 Make Some Noise
3%
TV Short 2009 Monsters vs. Aliens: Mutant Pumpkins from Outer Space
3%
Web Series 2020 Muppets Now
3%
Short Film 2016 Neighbors 3: Zombies Rising
3%
Film 2009 Paper Heart
3%
Web Series 2021 Santa Inc.
3%
TV Special 2014 Seth Rogen's Hilarity for Charity
3%
Web Special 2018 Seth Rogen's Hilarity for Charity
3%
Director 2018 Singularity
3%
TV Special 2025 SNL50: The Anniversary Special
3%
TV Show 2014 The Comeback
3%
TV Show 2024 The Great Canadian Pottery Throwdown
3%
TV Show 2011-2015 The League
3%
TV Show 2013 The Mindy Project
3%
TV Show 2019 The Twilight Zone
3%
TV Special 2021 Adele: One Night Only
0%
TV Short 2007 Assume the Position 201 with Mr. Wuhl
0%
TV Film 2025 A Very Backstreet Holiday
0%
TV Show 2008 Balls of Steel
0%
Director 2017 Bananas Town
0%
TV Show 2016 Billy on the Street
0%
Director 2019 Black Monday
0%
Web Series 2019 Breakfast, Lunch & Dinner
0%
Commercial 2016 Bud Light
0%
TV Show 2013 Burning Love
0%
Video Game 2024 Call of Duty: Black Ops 6
0%
Web Series 2021 Chicago Party Aunt
0%
Web Series 2019 Comedians in Cars Getting Coffee
0%
Director TBA Console Wars
0%
Podcast 2020 Dead Eyes
0%
TV Show 2019, 2020 Desus & Mero
0%
Web Series 2024 Dinner Time Live with David Chang
0%
TV Show 2017 Dr. Ken
0%
TV Show 2018 Drop the Mic
0%
Film 2023 Dumb Money
0%
Short Film 2017 Dumpster Diving
0%
TV Short 2005 Early Bird
0%
Commercial 2014 ESPN's SportsCenter
0%
Documentary TBA Fan Level Midnight: Devoted to the Office
0%
Music Video 2011 Fight For Your Right Revisited
0%
Film 2019 Flarsky
0%
Web Series 2019-2020 Future Man
0%
Documentary Series 2007 Getaway
0%
Commercial 2015 Google Play
0%
Music Video 2024 Grown Up
0%
Web Series 2025 Hacks
0%
Web Mini-Series 2023 History of the World: Part II
0%
Web Series 2025 Hot Ones Versus
0%
Web Mini-Series 2021 Houseplant Educational Videos
0%
TV Show 2016 Jeff Ross Presents Roast Battle
0%
TV Show 2024 Krapopolis
0%
Documentary 2020 LA Originals
0%
TV Show 2015 Last Week Tonight with John Oliver
0%
TV Show 2015 Lip Sync Battle
0%
TV Show 2014 Loiter Squad
0%
TV Show 2016 Martha & Snoop's Potluck Dinner Party
0%
TV Show 2010 MythBusters
0%
TV Show 2014 Naked and Afraid
0%
Short Film 2018 Netflix Acquires Seth Rogen
0%
Short Film 2024 Peppermint Spiral
0%
TV Special 2016 Red Nose Day
0%
TV Show 2007-2009 Reel Comedy
0%
TV Film 2014 Rubberhead
0%
Commercial 2013 Samsung TV
0%
TV Show 2011 Sesame Street
0%
Short Film 2015 Seth Rogen's Awful Bar-Mitzvah
0%
Short Film 2014 Seth Rogen's Jewish-Canadian-American Thanksgiving
0%
Short Film 2013 Seth Rogen = Worst Person in the World
0%
TV Show 2024 Show of Hearts
0%
Short Film 2012 Shrek's Thrilling Tales
0%
Web Special 2025 SNL50: The Homecoming Concert
0%
TV Show 2017 Snoop Dogg Presents: The Joker's Wild
0%
TV Special 2010, 2012 Stand Up to Cancer
0%
Documentary 2024 Stormy
0%
Podcast 2021 Storytime with Seth Rogen
0%
TV Show 2018 Talking Dead
0%
Film TBA Tangles: A Story About Alzheimer's, My Mother and Me
0%
Short Film 2022 Teller Number Four
0%
Web Special 2013 The Big Live Comedy Show
0%
Web Series 2018, 2019 The Burger Show
0%
Web Series 2019 The Chef Show
0%
Director 2017 The Christian Show
0%
TV Special 2020 The Disney Family Singalong Volume 2
0%
TV Show 2014 The Eric Andre Show
0%
Film TBA The Invite
0%
TV Show 2018 The Jim Jeffries Show
0%
Web Series 2018 The Joel McHale Show with Joel McHale
0%
Documentary 2020 The Perfect Weapon
0%
TV Special 2019 The Price Is Right at Night: A Holiday Extravaganza with Seth Rogen
0%
TV Show 2014 Tosh.0
0%
Film 2004 Wake Up, Ron Burgundy
0%
Documentary 2010 With Great Power: The Stan Lee Story
0%
Documentary Mini-Series 2019 Wu-Tang Clan: Of Mics and Men
0%
No matching quizzes found
Score Distribution
Percent of People with Each Score
Percentile by Number Answered
Your Score History
You have not taken this quiz since the last reset